[Event "España tch DH1"]
[Site "Lugo ESP"]
[Date "2007.06.22"]
[Round "3.35"]
[White "Perez Candelario, Manuel"]
[Black "Argandoña Riveiro, Iñigo"]
[Result "1-0"]
[PlyCount "73"]
[EventDate "2007.06.20"]
[EventType "team"]
[EventRounds "5"]
[EventCountry "ESP"]
[Source "lmi"]
[SourceDate "2007.06.20"]
[WhiteElo "2511"]
[BlackElo "2400"]

1. e4 e5 2. Nf3 d6 3. d4 exd4 4. Nxd4 Nf6 5. Nc3 Be7 6. g3 d5 7. e5 Ng4 8. Bg2
O-O 9. O-O Nxe5 10. Nxd5 Bc5 11. Bf4 Bg4 12. Qe1 Bxd4 13. Bxe5 Bxe5 14. Qxe5 c6
15. Qf4 Bh5 16. g4 Bxg4 17. Nc7 Na6 18. Nxa8 Be6 19. Rad1 Qxa8 20. Rd4 Qb8 21.
Qd2 Nc7 22. Rd1 Nd5 23. c4 Nb6 24. Rd8 Qc7 25. Rxf8+ Kxf8 26. Qd8+ Qxd8 27.
Rxd8+ Ke7 28. Rb8 Kd6 29. Rxb7 Nc8 30. b3 g5 31. Kf1 a5 32. Ke1 h5 33. Kd2 a4
34. bxa4 Bxc4 35. Kc3 Be2 36. Rxf7 Ne7 37. a5 1-0

[Event "España tch DH1"]
[Site "Lugo ESP"]
[Date "2007.06.22"]
[Round "3.36"]
[White "Gonzalez De La Torre, Santiago"]
[Black "Carrasco Martinez, Juan M"]
[Result "0-1"]
[PlyCount "80"]
[EventDate "2007.06.20"]
[EventType "team"]
[EventRounds "5"]
[EventCountry "ESP"]
[Source "lmi"]
[SourceDate "2007.06.20"]
[WhiteElo "2388"]
[BlackElo "2406"]

1. e4 e6 2. d4 d5 3. Nc3 Bb4 4. e5 c5 5. a3 Bxc3+ 6. bxc3 Qa5 7. Bd2 Qa4 8. Qb1
c4 9. h4 Ne7 10. h5 h6 11. f4 Nbc6 12. Nf3 Bd7 13. Be3 O-O-O 14. Kd2 f6 15. Be2
Rhf8 16. Nh4 Rf7 17. g4 Qa5 18. Qg1 Kb8 19. Qg3 fxe5 20. fxe5 Nc8 21. a4 Nb6
22. Nf5 Nc8 23. Nxg7 Rxg7 24. Bxh6 Rgg8 25. Qe3 N8e7 26. Rhf1 Nxd4 27. Qxd4 Nc6
28. Qe3 d4 29. Qg3 dxc3+ 30. Ke1 Nd4 31. Bd1 Bc6 32. Bf4 Qd5 33. Qxc3 Qe4+ 34.
Qe3 Nxc2+ 35. Bxc2 Qxc2 36. Rf2 Qh7 37. Qe2 Rd4 38. Kf1 Be4 39. Rd1 Bd3 40.
Rxd3 cxd3 0-1

[Event "España tch DH1"]
[Site "Lugo ESP"]
[Date "2007.06.23"]
[Round "4.13"]
[White "Nielsen, Peter Heine"]
[Black "Tkachiev, Vladislav"]
[Result "1/2-1/2"]
[PlyCount "37"]
[EventDate "2007.06.20"]
[EventType "team"]
[EventRounds "5"]
[EventCountry "ESP"]
[Source "lmi"]
[SourceDate "2007.06.20"]
[WhiteElo "2649"]
[BlackElo "2652"]

1. d4 d5 2. c4 c6 3. Nf3 Nf6 4. Nc3 dxc4 5. a4 e6 6. e3 c5 7. Bxc4 Nc6 8. O-O
cxd4 9. exd4 Be7 10. Qe2 O-O 11. Rd1 Nb4 12. Bg5 Re8 13. Ne5 Bd7 14. Bxf6 Bxf6
15. Nxd7 Qxd7 16. Bb5 Nc6 17. d5 exd5 18. Nxd5 Qd6 19. Nxf6+ 1/2-1/2

[Event "España tch DH1"]
[Site "Lugo ESP"]
[Date "2007.06.23"]
[Round "4.14"]
[White "Bauer, Christian"]
[Black "Hracek, Zbynek"]
[Result "1-0"]
[PlyCount "97"]
[EventDate "2007.06.20"]
[EventType "team"]
[EventRounds "5"]
[EventCountry "ESP"]
[Source "lmi"]
[SourceDate "2007.06.20"]
[WhiteElo "2629"]
[BlackElo "2613"]

1. d4 Nf6 2. c4 e6 3. g3 c5 4. Nf3 cxd4 5. Nxd4 Bb4+ 6. Bd2 Bc5 7. Nb3 Be7 8.
Bg2 Nc6 9. Nc3 b6 10. Bf4 Ba6 11. Nb5 Rc8 12. Nd6+ Bxd6 13. Bxd6 Bxc4 14. Nd2
Nd4 15. Nxc4 Rxc4 16. O-O Nb5 17. Be5 d5 18. Qb3 Nd4 19. Qd3 Nc6 20. Qxc4 dxc4
21. Bxc6+ Kf8 22. Rac1 b5 23. a4 Nd5 24. Rfd1 f6 25. Bd4 Kf7 26. axb5 Qb8 27.
Ra1 Nb6 28. Bc5 Rd8 29. Rxd8 Qxd8 30. Rxa7+ Kg6 31. Kg2 f5 32. e4 f4 33. gxf4
Nc8 34. f5+ exf5 35. exf5+ Kxf5 36. Rxg7 Nb6 37. Be3 h6 38. Rg3 Nd5 39. Bxh6
Nb4 40. Rg5+ Ke6 41. Be4 Qd4 42. Rg6+ Kf7 43. Rg4 Qxb2 44. b6 Nd3 45. Be3 Qe2
46. h3 Ne1+ 47. Kg3 Nc2 48. b7 Nxe3 49. Rf4+ 1-0

[Event "España tch DH1"]
[Site "Lugo ESP"]
[Date "2007.06.23"]
[Round "4.16"]
[White "Andres Gonzalez, Alberto"]
[Black "Ferrer Sanchez, Pedro"]
[Result "1-0"]
[PlyCount "95"]
[EventDate "2007.06.20"]
[EventType "team"]
[EventRounds "5"]
[EventCountry "ESP"]
[Source "lmi"]
[SourceDate "2007.06.20"]
[WhiteElo "2424"]
[BlackElo "2303"]

1. c4 g6 2. g3 Bg7 3. Bg2 Nf6 4. Nc3 O-O 5. e3 d6 6. Nge2 e5 7. O-O Re8 8. d3
c6 9. e4 Na6 10. h3 Nc7 11. f4 Ne6 12. Kh2 exf4 13. gxf4 Nh5 14. Be3 Qh4 15.
Qe1 Qxe1 16. Raxe1 Bh6 17. d4 f5 18. d5 Nc7 19. dxc6 bxc6 20. Nd4 Rb8 21. b3 c5
22. Nc6 Rb6 23. Nxa7 Bb7 24. exf5 Bxg2 25. Kxg2 gxf5 26. Nab5 Nxb5 27. Nxb5 Kf7
28. Kf3 Nf6 29. Rd1 Ne4 30. Rg1 Re6 31. Rd5 Rf6 32. Bc1 Ke6 33. Rdd1 Rg6 34.
Nc7+ Kd7 35. Nd5 Rb8 36. Rxg6 hxg6 37. Rg1 Rg8 38. h4 Ke6 39. h5 g5 40. fxg5
Nxg5+ 41. Ke2 Rg7 42. a4 Kd7 43. Bxg5 Bxg5 44. Kf3 Ke6 45. a5 Kd7 46. a6 Kc8
47. a7 Kb7 48. Ra1 1-0

[Event "España tch DH1"]
[Site "Lugo ESP"]
[Date "2007.06.23"]
[Round "4.24"]
[White "Sargissian, Gabriel"]
[Black "Czarnota, Pawel"]
[Result "0-1"]
[PlyCount "100"]
[EventDate "2007.06.20"]
[EventType "team"]
[EventRounds "5"]
[EventCountry "ESP"]
[Source "lmi"]
[SourceDate "2007.06.20"]
[WhiteElo "2651"]
[BlackElo "2562"]

1. d4 d5 2. c4 c6 3. Nf3 Nf6 4. e3 g6 5. Nc3 Bg7 6. h3 O-O 7. Bd3 e6 8. O-O
Nbd7 9. b3 b6 10. Bb2 Bb7 11. Qe2 Re8 12. Rad1 Qc7 13. Rfe1 Rad8 14. e4 dxe4
15. Nxe4 c5 16. Bb1 Qf4 17. Bc1 Qb8 18. Nxf6+ Bxf6 19. Be4 Bxe4 20. Qxe4 cxd4
21. Bg5 e5 22. Qh4 Qd6 23. Bxf6 Nxf6 24. Qh6 d3 25. Nd2 e4 26. Qe3 Kg7 27. Rc1
Qb4 28. Rcd1 Re6 29. Nf1 a5 30. Qd2 Qc5 31. Ne3 Qd4 32. Rb1 Rdd6 33. b4 a4 34.
Rec1 Rc6 35. Qc3 Qxc3 36. Rxc3 Nd7 37. f3 f5 38. fxe4 fxe4 39. Ra3 Ne5 40. b5
Nxc4 41. Rxa4 Nxe3 42. bxc6 Rxc6 43. Kf2 Nc4 44. Ra7+ Kf6 45. Re1 Re6 46. Rf1
e3+ 47. Ke1+ Kg5 48. g4 e2 49. h4+ Kxg4 50. Rg1+ Kh3 0-1

[Event "España tch DH1"]
[Site "Lugo ESP"]
[Date "2007.06.23"]
[Round "4.25"]
[White "Bellon Lopez, Juan Manuel"]
[Black "Perez Candelario, Manuel"]
[Result "1/2-1/2"]
[PlyCount "56"]
[EventDate "2007.06.20"]
[EventType "team"]
[EventRounds "5"]
[EventCountry "ESP"]
[Source "lmi"]
[SourceDate "2007.06.20"]
[WhiteElo "2425"]
[BlackElo "2511"]

1. d4 d5 2. c4 e6 3. Nf3 Nf6 4. Nc3 c6 5. Bg5 h6 6. Bxf6 Qxf6 7. a3 dxc4 8. Ne5
Nd7 9. Nxc4 Qd8 10. e3 b5 11. Nd2 b4 12. axb4 Bxb4 13. Qf3 Bb7 14. Ba6 Qb8 15.
O-O O-O 16. Ra4 Bxa6 17. Rxa6 c5 18. Rfa1 cxd4 19. exd4 Rc8 20. Nde4 Be7 21. h3
Nf6 22. Na4 Nd5 23. Nec3 Nb4 24. Nb6 Nxa6 25. Nxc8 Qxc8 26. Rxa6 Bf6 27. Rc6
Qd8 28. Ne4 Rb8 1/2-1/2

[Event "España tch DH1"]
[Site "Lugo ESP"]
[Date "2007.06.23"]
[Round "4.26"]
[White "Carrasco Martinez, Juan M"]
[Black "Ibañez Aullana, Jose Ramon"]
[Result "1-0"]
[PlyCount "67"]
[EventDate "2007.06.20"]
[EventType "team"]
[EventRounds "5"]
[EventCountry "ESP"]
[Source "lmi"]
[SourceDate "2007.06.20"]
[WhiteElo "2406"]
[BlackElo "2339"]

1. d4 Nf6 2. Nf3 d5 3. c4 c6 4. e3 Bf5 5. Nc3 e6 6. Nh4 Be4 7. f3 Nh5 8. g3 Bg6
9. f4 Be7 10. Nxg6 hxg6 11. Bg2 f5 12. g4 Nf6 13. g5 Nh5 14. Qb3 Qb6 15. Bd2
Nd7 16. Na4 Qc7 17. Rc1 Qb8 18. Bb4 Nxf4 19. exf4 Qxf4 20. Bd2 Qxd4 21. Qxb7
Rb8 22. Qxc6 Rxh2 23. Rxh2 Qg1+ 24. Bf1 Qxh2 25. cxd5 Qe5+ 26. Kd1 exd5 27.
Qxg6+ Kf8 28. Bd3 f4 29. Qf5+ Ke8 30. Bxf4 Qxf5 31. Bxf5 Rb4 32. Bg6+ Kd8 33.
Bc7+ Kc8 34. Bd6+ 1-0

[Event "España tch DH1"]
[Site "Lugo ESP"]
[Date "2007.06.23"]
[Round "4.33"]
[White "Aleksandrov, Aleksej"]
[Black "Felgaer, Ruben"]
[Result "1-0"]
[PlyCount "101"]
[EventDate "2007.06.20"]
[EventType "team"]
[EventRounds "5"]
[EventCountry "ESP"]
[Source "lmi"]
[SourceDate "2007.06.20"]
[WhiteElo "2609"]
[BlackElo "2574"]

1. d4 d5 2. c4 c6 3. Nc3 dxc4 4. e4 b5 5. a4 b4 6. Na2 Nf6 7. e5 Nd5 8. Bxc4 e6
9. Nf3 a5 10. Ng5 Be7 11. Ne4 Ba6 12. Bxa6 Nxa6 13. Qg4 Kf8 14. O-O c5 15. Be3
h5 16. Qf3 Rc8 17. Rac1 c4 18. Qe2 Nb6 19. h4 g6 20. Bg5 Bxg5 21. hxg5 Qxd4 22.
Nd6 Rc7 23. Nb5 Qg4 24. f3 Qxg5 25. Nxc7 Nxc7 26. f4 Qg4 27. Rf3 Ncd5 28. Qf2
h4 29. Kh2 Kg7 30. Rd1 Rc8 31. Rd4 Qf5 32. Nc1 c3 33. bxc3 bxc3 34. Ne2 c2 35.
Nc1 Nd7 36. Kg1 Rb8 37. Rc4 Rb2 38. Qxh4 Rb1 39. Rf1 N7b6 40. g4 Rxc1 41. Rxc1
Qd3 42. R4xc2 Qe3+ 43. Qf2 Qh3 44. g5 Qg4+ 45. Qg2 Qxf4 46. Rf1 Qd4+ 47. Rcf2
Nd7 48. Qg3 Kg8 49. Re1 Qa7 50. Qf3 Nf8 51. Ref1 1-0

[Event "España tch DH1"]
[Site "Lugo ESP"]
[Date "2007.06.23"]
[Round "4.34"]
[White "Alsina Leal, Daniel"]
[Black "Illescas Cordoba, Miguel"]
[Result "1/2-1/2"]
[PlyCount "125"]
[EventDate "2007.06.20"]
[EventType "team"]
[EventRounds "5"]
[EventCountry "ESP"]
[Source "lmi"]
[SourceDate "2007.06.20"]
[WhiteElo "2428"]
[BlackElo "2591"]

1. e4 e5 2. Nf3 Nc6 3. Bb5 a6 4. Ba4 Nf6 5. O-O b5 6. Bb3 Bc5 7. c3 d6 8. a4
Bg4 9. d3 Rb8 10. axb5 axb5 11. Re1 O-O 12. Nbd2 h6 13. Nf1 b4 14. Ba4 bxc3 15.
bxc3 Ne7 16. h3 Be6 17. d4 exd4 18. cxd4 Bb4 19. Bd2 d5 20. Bxb4 Rxb4 21. e5
Ne4 22. Bc2 c5 23. dxc5 Nxc5 24. Rb1 Qb6 25. Nd4 Rb8 26. Rxb4 Qxb4 27. Qb1 Nd7
28. Qxb4 Rxb4 29. Nf3 Nc6 30. Ne3 g6 31. Rd1 d4 32. Be4 dxe3 33. Bxc6 exf2+ 34.
Kxf2 Nb6 35. Rd4 Nc4 36. Re4 Rb6 37. Ba4 Bd5 38. Re2 Kg7 39. Bc2 Re6 40. Bb3
Nxe5 41. Rxe5 Bxb3 42. Rxe6 Bxe6 43. h4 Kf6 44. Nd4 Ke5 45. Ke3 Bd5 46. g3 Be4
47. Ne2 Bb7 48. Nf4 Kf5 49. Kf2 Ke4 50. Ng2 Bc8 51. Nf4 Kf5 52. Nd5 Bb7 53.
Ne3+ Ke4 54. Ng2 Bc8 55. Nf4 Bd7 56. Ng2 Be6 57. Ne3 Bh3 58. Nc4 f6 59. Nd2+
Kd3 60. Nf3 g5 61. hxg5 hxg5 62. Ne1+ Ke4 63. Nc2 1/2-1/2

[Event "España tch DH1"]
[Site "Lugo ESP"]
[Date "2007.06.23"]
[Round "4.36"]
[White "Rahal, Michael A"]
[Black "San Segundo Carrillo, Pablo"]
[Result "1/2-1/2"]
[PlyCount "102"]
[EventDate "2007.06.20"]
[EventType "team"]
[EventRounds "5"]
[EventCountry "ESP"]
[Source "lmi"]
[SourceDate "2007.06.20"]
[WhiteElo "2395"]
[BlackElo "2539"]

1. e4 e5 2. Nf3 Nc6 3. Bb5 a6 4. Ba4 Nf6 5. O-O b5 6. Bb3 Bc5 7. a4 Rb8 8. axb5
axb5 9. d3 d6 10. h3 O-O 11. c3 h6 12. Re1 Bb6 13. Be3 Bxe3 14. Rxe3 Ne7 15.
Nbd2 Ng6 16. d4 c5 17. Nf1 Qc7 18. Ng3 Re8 19. dxe5 dxe5 20. Bd5 c4 21. Re2 Nf4
22. Rd2 Nd3 23. Rxd3 cxd3 24. Qxd3 Nxd5 25. exd5 Qc4 26. Qxc4 bxc4 27. Nd2 Bb7
28. Nxc4 Bxd5 29. Ne3 Be6 30. b4 Rec8 31. Ne4 Ra8 32. Rc1 Kf8 33. Nc5 Ke7 34.
c4 Rab8 35. Nxe6 Kxe6 36. Nd5 f5 37. Kf1 e4 38. g4 g6 39. Ke2 Rb7 40. Kd2 Ke5
41. Kc3 Ra8 42. Kb3 Rf8 43. gxf5 gxf5 44. Re1 Rd8 45. f4+ Ke6 46. Rg1 Rxd5 47.
cxd5+ Kxd5 48. Rd1+ Ke6 49. Rg1 Kd5 50. Rd1+ Ke6 51. Rg1 Kd5 1/2-1/2

[Event "España tch DH1"]
[Site "Lugo ESP"]
[Date "2007.06.24"]
[Round "5.16"]
[White "Rivas Pastor, Manuel"]
[Black "Rahal, Michael A"]
[Result "1/2-1/2"]
[PlyCount "52"]
[EventDate "2007.06.20"]
[EventType "team"]
[EventRounds "5"]
[EventCountry "ESP"]
[Source "lmi"]
[SourceDate "2007.06.20"]
[WhiteElo "2496"]
[BlackElo "2395"]

1. e4 e6 2. d4 d5 3. Nc3 Bb4 4. exd5 exd5 5. Nge2 c6 6. a3 Bd6 7. Bf4 Ne7 8.
Qd2 Ng6 9. Bxd6 Qxd6 10. h4 h6 11. h5 Ne7 12. Qf4 Qxf4 13. Nxf4 Bf5 14. Kd2 O-O
15. Re1 Nc8 16. Rg1 Nd6 17. g4 Be4 18. g5 Kh8 19. Bd3 Bxd3 20. Nxd3 hxg5 21.
Rxg5 Nd7 22. b3 f6 23. Rgg1 Nf5 24. Ne2 Rfe8 25. c3 Kg8 26. Ng3 Nxg3 1/2-1/2

[Event "España tch DH1"]
[Site "Lugo ESP"]
[Date "2007.06.24"]
[Round "5.23"]
[White "Akopian, Vladimir"]
[Black "Aleksandrov, Aleksej"]
[Result "1/2-1/2"]
[PlyCount "75"]
[EventDate "2007.06.20"]
[EventType "team"]
[EventRounds "5"]
[EventCountry "ESP"]
[Source "lmi"]
[SourceDate "2007.06.20"]
[WhiteElo "2698"]
[BlackElo "2609"]

1. e4 e5 2. Nf3 Nc6 3. Bb5 Nf6 4. d3 d6 5. c3 g6 6. Nbd2 Bg7 7. O-O O-O 8. Re1
Bd7 9. Nf1 Re8 10. Bg5 h6 11. Bh4 Na5 12. Bxd7 Qxd7 13. Qc2 Nc6 14. d4 exd4 15.
Nxd4 Nxd4 16. cxd4 Qc6 17. Qxc6 bxc6 18. f3 Rab8 19. Rab1 Rb6 20. Bf2 Reb8 21.
b3 a5 22. Rbc1 Ra6 23. Re2 Ne8 24. e5 Kf8 25. f4 a4 26. bxa4 Rba8 27. g3 Rxa4
28. Rcc2 h5 29. Kg2 f6 30. h4 c5 31. dxc5 fxe5 32. cxd6 cxd6 33. fxe5 Bxe5 34.
Nh2 Nf6 35. Nf3 Ng4 36. Bg1 Bf6 37. Rcd2 Re8 38. Rxe8+ 1/2-1/2

[Event "España tch DH1"]
[Site "Lugo ESP"]
[Date "2007.06.24"]
[Round "5.25"]
[White "Perez Candelario, Manuel"]
[Black "Korneev, Oleg"]
[Result "1/2-1/2"]
[PlyCount "44"]
[EventDate "2007.06.20"]
[EventType "team"]
[EventRounds "5"]
[EventCountry "ESP"]
[Source "lmi"]
[SourceDate "2007.06.20"]
[WhiteElo "2511"]
[BlackElo "2565"]

1. e4 c5 2. Nf3 d6 3. d4 cxd4 4. Nxd4 Nf6 5. Nc3 a6 6. Be3 e6 7. f3 b5 8. g4
Bb7 9. Qd2 h6 10. O-O-O Nbd7 11. h4 b4 12. Na4 Qa5 13. b3 Nc5 14. a3 Nxa4 15.
axb4 Qc7 16. bxa4 Nd7 17. Nb3 d5 18. f4 dxe4 19. Kb2 Nf6 20. Be2 Be7 21. c4 Rd8
22. Qc3 Rd3 1/2-1/2

[Event "España tch DH1"]
[Site "Lugo ESP"]
[Date "2007.06.24"]
[Round "5.26"]
[White "Moreno Carnero, Javier"]
[Black "Carrasco Martinez, Juan M"]
[Result "1/2-1/2"]
[PlyCount "71"]
[EventDate "2007.06.20"]
[EventType "team"]
[EventRounds "5"]
[EventCountry "ESP"]
[Source "lmi"]
[SourceDate "2007.06.20"]
[WhiteElo "2508"]
[BlackElo "2406"]

1. e4 e6 2. d4 d5 3. Nc3 Bb4 4. exd5 exd5 5. Bd3 c6 6. Qf3 Qf6 7. Bf4 Ne7 8.
Nge2 O-O 9. O-O Ng6 10. Qh5 h6 11. Bd2 Bd6 12. f4 Re8 13. g4 Nf8 14. g5 g6 15.
Qxh6 Qe6 16. Ng3 Qh3 17. Qxh3 Bxh3 18. Rf2 Ne6 19. Nce2 Ng7 20. f5 gxf5 21. Bf4
Be7 22. Bxb8 Raxb8 23. Nf4 Bxg5 24. Nxh3 Be3 25. c3 Re6 26. Nf4 Rh6 27. Raf1
Re8 28. Ng2 Bxf2+ 29. Rxf2 Rf6 30. Rf4 b5 31. a3 a5 32. Kf2 b4 33. cxb4 axb4
34. a4 Ne6 35. Rxf5 Rh6 36. Re5 1/2-1/2

[Event "España tch DH1"]
[Site "Lugo ESP"]
[Date "2007.06.24"]
[Round "5.33"]
[White "Tkachiev, Vladislav"]
[Black "Wojtaszek, Radoslaw"]
[Result "1/2-1/2"]
[PlyCount "134"]
[EventDate "2007.06.20"]
[EventType "team"]
[EventRounds "5"]
[EventCountry "ESP"]
[Source "lmi"]
[SourceDate "2007.06.20"]
[WhiteElo "2652"]
[BlackElo "2620"]

1. Nf3 Nf6 2. c4 b6 3. d4 e6 4. g3 Ba6 5. b3 Bb4+ 6. Bd2 Be7 7. Nc3 O-O 8. Rc1
d5 9. cxd5 Nxd5 10. Bg2 Nd7 11. O-O Bb7 12. Qc2 Nxc3 13. Bxc3 Nf6 14. Ne5 Bxg2
15. Kxg2 Qd5+ 16. Kg1 c5 17. dxc5 Bxc5 18. b4 Be7 19. Rfd1 Qb7 20. b5 a6 21. a4
axb5 22. axb5 Ba3 23. Bb2 Bxb2 24. Qxb2 h5 25. Rd4 Rad8 26. Ra4 Ra8 27. Rac4
Qd5 28. Nc6 Rfe8 29. Qb4 Ra2 30. Ne7+ Rxe7 31. Qxe7 Rxe2 32. Rf4 Rd2 33. h3
Qxb5 34. Rc7 Rd7 35. Rxd7 Qxd7 36. Qxd7 Nxd7 37. Rb4 Kf8 38. Kg2 Ke7 39. Kf3
Kd6 40. Ke2 g6 41. Kd2 e5 42. Rb1 Kc5 43. Ra1 Kd6 44. Ra7 Ke6 45. Rb7 Kd6 46.
Kc3 Kc6 47. Ra7 Kd6 48. Kc4 Ke6 49. Rb7 Kd6 50. Kb5 Ke6 51. Kc6 Nc5 52. Rxb6
Nd3 53. f3 Nf2 54. Kc5+ Kf5 55. Kd6 e4 56. Rb5+ Kf6 57. Rb2 e3 58. Re2 Nxh3 59.
Rxe3 Ng5 60. Kd7 Ne6 61. Ra3 Nd4 62. Ke8 Nf5 63. Kf8 Nxg3 64. Ra6+ Kf5 65. Kxf7
g5 66. Rf6+ Ke5 67. Kg6 g4 1/2-1/2

[Event "España tch DH1"]
[Site "Lugo ESP"]
[Date "2007.06.24"]
[Round "5.36"]
[White "Sanchez Guirado, Francisco"]
[Black "Andres Gonzalez, Alberto"]
[Result "1/2-1/2"]
[PlyCount "56"]
[EventDate "2007.06.20"]
[EventType "team"]
[EventRounds "5"]
[EventCountry "ESP"]
[Source "lmi"]
[SourceDate "2007.06.20"]
[WhiteElo "2407"]
[BlackElo "2424"]

1. c4 e5 2. Nc3 Nf6 3. Nf3 Nc6 4. e3 Be7 5. d4 exd4 6. Nxd4 O-O 7. Be2 Bb4 8.
O-O Bxc3 9. bxc3 Re8 10. f3 Ne5 11. e4 d6 12. Rb1 h6 13. Be3 a6 14. Bf2 Nh5 15.
Qd2 Qg5 16. Be3 Qe7 17. Rfe1 c5 18. Nf5 Bxf5 19. exf5 Nf6 20. Bf1 Qd7 21. Bf2
Rad8 22. Bh4 Qxf5 23. f4 Ng6 24. Bxf6 Qxf6 25. g3 Rxe1 26. Qxe1 d5 27. cxd5 b5
28. a4 Rxd5 1/2-1/2